000 02663cam a22005894i 4500
003 PE-LiUPU
005 20250731173012.0
008 150623s1987 sp rb 000 0 spa d
020 _a8472289230
035 _a(Sirsi) i9788472289239
035 _a(Sirsi) i9788472289239
040 _aPE-LiUPU
_bspa
_cPE-LiUPU
_erda
049 _aPRUA
082 0 4 _a253.5
_bA22M
_221
100 1 _aAdams, Jay Edward,
_eautor.
245 1 0 _aManual del consejero cristiano /
_cJay E. Adams.
264 1 _aBarcelona :
_bCLIE,
_c1984.
300 _a457 páginas ;
_c23 centímetros
336 _atext
_2rdacontent
337 _aunmediated
_2rdamedia
338 _avolume
_2rdacarrier
500 _aOtra edición 1987.
504 _aIncluye referencias bibliográficas al final de cada capítulo.
505 0 _aLas personas -- Las presuposiciones y los principios -- La práctica y el proceso -- Apéndice.
526 _aSEG42
526 _aSEG41
526 _aSEG40
526 _aSEG39
526 _aP94
526 _aP87
526 _aP86
526 _aP85
526 _aP77
526 _aP76
526 _aP35
541 _g002-004464;
541 _g001-0014464;
650 0 4 _aConsejería pastoral
_vManuales.
942 _2ddc
_cBOOK
949 _a253.5 A22M
_wDEWEY
_c1
_i58575
_d2016-7-25
_e2016-5-12
_lCCODEBUL1
_mBUL
_n3
_p16.00
_r0
_sY
_tBOOK
_u2015-6-24
_xTEOLOGIA
_PP08
_0COMPRA
_o.STAFF. Colección General
949 _a253.5 A22M
_wDEWEY
_c2
_i27621
_lCCODEBUL1
_mBUL
_r0
_sY
_tBOOK
_u2015-6-24
_xTEOLOGIA
_PP35
_0COMPRA
_o.STAFF. Colección General
949 _a253.5 A22M
_wDEWEY
_c3
_i45205
_lCCODEBUL1
_mBUL
_r0
_sY
_tBOOK
_u2015-6-24
_xTEOLOGIA
_PP35
_0COMPRA
_o.STAFF. Colección General
949 _a253.5 A22M
_wDEWEY
_c4
_i55546
_lCCODEBUL1
_mBUL
_p16.00
_r0
_sY
_tBOOK
_u2015-6-24
_xTEOLOGIA
_PP35
_0COMPRA
_o.STAFF. Colección General
994 _aC0
_bPEPRU
596 _a1
999 _a253.5 A22M
_wDEWEY
_c23387
_i58575
_d23387
_e2016-5-12
_f2021-11-10
_g5
_lCCODEBUL1
_mBUL
_n3
_p16.00
_q1
_r0
_sY
_tBOOK
_u2015-6-24
_xTEOLOGIA
_PP08
_0COMPRA
_o.STAFF. Colección Teología
999 _a253.5 A22M
_wDEWEY
_c2
_i27621
_lLOST
_mBUL
_r1
_sY
_tBOOK
_u2015-6-24
_xTEOLOGIA
_PP35
_0COMPRA
_o.STAFF. Colección General
999 _a253.5 A22M
_wDEWEY
_c3
_i45205
_f2021-11-12
_g5
_lCCODEBUL1
_mBUL
_r0
_sY
_tBOOK
_u2015-6-24
_xTEOLOGIA
_PP35
_0COMPRA
_o.STAFF. Colección General
999 _a253.5 A22M
_wDEWEY
_c4
_i55546
_f2021-11-10
_g5
_lCCODEBUL1
_mBUL
_p16.00
_r0
_sY
_tBOOK
_u2015-6-24
_xTEOLOGIA
_PP35
_0COMPRA
_o.STAFF. Colección General
980 _81
_gALBERTO SANCHEZ Responsable de Automatización